| 000 | 01040nam a2200289 4500 | ||
|---|---|---|---|
| 001 | 0000023513 | ||
| 003 | CO-CtgCURN | ||
| 005 | 20250331184355.0 | ||
| 007 | ta | ||
| 008 | 160627s2009 000 0 eng d | ||
| 020 | _a9789589896914 | ||
| 040 |
_aCO-CtgCURN _bspa _ccoctgcurn |
||
| 082 | 0 |
_a303.9861 _bP655v |
|
| 100 | 1 | _aPinilla Pinilla, Luis. | |
| 245 | 1 | 0 |
_aViolentos somos / _cLuis Pinilla Pinilla. |
| 260 |
_aBogotá : _bUniediciones, _c2009. |
||
| 300 | _a226 p. | ||
| 336 | _2rdacontent | ||
| 337 |
_2rdamedia _asin mediacion _bn |
||
| 338 |
_2rdacarrier _avolumen _bnc |
||
| 504 | _aBibliografia (p. [221]-226) | ||
| 505 | 8 | _aDe la concentracion patriotica nacional a la violencia partidista.--La union nacional y la crisis institucional.--El frente nacional.--Del bandolerismo a la guerrilla.--El desmonte del frente nacional | |
| 650 | 1 | 4 |
_aViolencia _vHistoria _zColombia. |
| 908 | _a160627 | ||
| 942 |
_cBK _h303.9861 _iP655v _2ddc |
||
| 999 |
_c17699 _d17699 |
||